قرابين الالهة فى مصر القديمة

محفوظ في:

المؤلف الرئيسي: سيلفى كوفيل.

مؤلفون آخرون: سهير لطف الله (ترجمة).

التنسيق: كتاب

اللغة: Undetermined

منشور في: Al-Qāhirah : matbaeat be etshru, 2010.

الوسوم: إضافة وسم

لا توجد وسوم, كن أول من يضع وسما على هذه التسجيلة!

رقم الطلب: DT68 .8 .C3912

LEADER 00458nam a2200145Ia 4500
008 240329s9999||||xx |||||||||||||| ||und||
020 |a 977178546X 
050 4 |a DT68 .8 .C3912 
100 1 |a سيلفى كوفيل. 
245 1 0 |a قرابين الالهة فى مصر القديمة  |c سيلفى كوفيل 
264 1 |a Al-Qāhirah :  |b matbaeat be etshru,  |c 2010. 
300 |a 214  |c 21 
700 1 |a سهير لطف الله (ترجمة). 
942 |2 lcc  |c BK 
999 |c 57856  |d 57856